000 00910nam a22002415i 4500
001 68748
003 ES-MaACL
005 20250831023855.0
007 t|
008 940202s18991902sp ||||1| spa d
040 _aCAM
_bspa
100 1 _aGil y Robles, Enrique,
_d1849-1908
_956900
245 1 0 _aTratado de derecho politico según los principios de la filosofía y el derecho cristianos /
_cpor Enrique Gil y Robles.
260 _aSalamanca :
_b[s.n.],
_c1899-1902 (
_fImp. Salmanticense)
300 _a2 v. (XXIV, 515; XXVII, 907 p.) ;
_c22 cm.
530 _aDisponible en formato digital.
650 7 _aDerecho político
_2embne
_9135897
650 4 _aCristianismo y derecho.
_9168475
650 0 7 _aIglesia y Estado
_2embne
_913554
852 _aES-MaACL
_jB-5604-5
856 _uhttp://bdh-rd.bne.es/viewer.vm?id=0000015474&page=1
_zBiblioteca Digital Hispánica
999 _c68748
_d68748